000 00628nam a2200217Ia 4500
003 GCL
008 140319s9999 xx 000 0 ara d
040 _aGCL /
_cGCL
082 0 4 _aق
_b962.071
_bس ا
100 1 _aسعدالدين ابراهيم
245 1 0 _aاعادة الاعتبار للرئيس السادات /
_cسعدالدين ابراهيم
300 _a164 ص
490 _a
650 0 4 _aالعصر الحديث
650 0 4 _aمصر
650 0 4 _aتاريخ
650 0 4 _aالاحوال السياسية
650 0 4 _aالسياسة
650 0 4 _aالاحوال الاقتصادية
942 _2ddc
_cBK
999 _c40192
_d40192